000 00390nam a2200157Ia 4500
001 6011
003 IN-NITTTR
005 20251114233014.0
008 251113s9999||||xx |||||||||||||| ||eng||
040 _beng
040 _cIN-NITTTR
041 _aeng
082 _a153.152 S51P
245 0 _aProgrammed learning :
_b theory and research, an enduring problem in psychology /
942 _2ddc
_cBK
999 _c8649
_d8649